| 000 | 02114nam a22001577a 4500 | ||
|---|---|---|---|
| 041 | _aukr | ||
| 080 | _a09 | ||
| 090 | _bБОР | ||
| 100 | _aБорис, Б. О. | ||
| 245 | _aСучасна сленгова лексика американських студентів (на прикладі романів Сесилі фон Зігесар) | ||
| 260 |
_aОстрог _bКАФ _c2014 |
||
| 300 | _a82 | ||
| 520 |
_aВступ.
Розділ І. Визначення поняття "сленг". Види сленгу.
1.1. Сленг як номінативна одиниця ненормативної лексики
1.2. Класифікація сленгізмів за сферою їх вжитку
1.3. Стилістичні особливості сленгу
Розділ ІІ, Лексико-семантичний аналіз сленгу роману Сесилі фон Зігесар "Gossip Girl. You Love Me. All Want is Everything".
2.1. Класифікація сучасної сленгової лексики американських студентів за семантичною ознакою
2.2. Стильові особливості мови американських студентів
2.3. Способи поповнення лексичного складу сучасного американського студентського сленгу
Розділ ІІІ. Тлумачення та стиль сленгової лексики сучасних американських студентів роману Сесилі фон Зігесар "Gossip Girl. Would I Lie to You?".
3.1. Контекстуальна класифікація сленгових лексичних одиниць
3.2. Стилістичне забарвлення як невідємний компонент сучасного американського студентського сленгу
Висновки.
Список використаної літератури.
Додатки. _0сленг, лексика, семантика |
||
| 650 | _aResearch Papers | ||
| 999 |
_c285387 _d285387 |
||
| 942 | _cBK | ||